| 000 | 00496nam a22001817a 4500 | ||
|---|---|---|---|
| 003 | CEME | ||
| 005 | 20210628201631.0 | ||
| 008 | 210212b xxu||||| |||| 00| 0 eng d | ||
| 020 | _a0-86380-176-5 | ||
| 040 | _c. | ||
| 082 | _a629.2542 REA | ||
| 100 |
_aReasbeck, Philip Smith, James.G _956101 |
||
| 245 | _aBatteries for automotive use | ||
| 260 |
_aNEW YORK _bJOHN WILEY _c1997 |
||
| 300 | _aXIV,213P | ||
| 650 |
_aVEHICLE ELECTRICAL SYSTEMS BATTERY FOR VEHICLES _956102 |
||
| 942 |
_cBK _2ddc |
||
| 999 |
_c566627 _d566627 |
||